| 000 | 00624nam a2200205Ia 4500 | ||
|---|---|---|---|
| 005 | 20221116121235.0 | ||
| 008 | 131103s9999 xx 000 0 und d | ||
| 020 |
_aSBN 195613554 _cRs.120 |
||
| 040 | _aLoreto College | ||
| 041 | _aEnglish | ||
| 082 |
_a954.03 _bGUH |
||
| 245 |
_aSubaltern Studies I _b writings on South Asian History and society _cedited by Ranajit Guha |
||
| 260 |
_aDelhi _bOxford University Press _c1982 |
||
| 300 | _a241 p. | ||
| 504 | _aIncludes index,glossary and bibliographical references | ||
| 650 | _aIndia - Modern History | ||
| 700 | _aGuha,Ranjit;ed. | ||
| 850 | _aLCLIB | ||
| 942 | _cBK | ||
| 999 |
_c9763 _d60242 |
||